| 000 | 00654nam a22002297a 4500 | ||
|---|---|---|---|
| 005 | 20220614104456.0 | ||
| 008 | eng | ||
| 020 |
_a9780195769999 _qpaperback |
||
| 040 |
_arda _c3228 |
||
| 082 | _aSWA KF MKHA | ||
| 100 |
_aJABULILE MKHATSHWA [writer] _aCOLETTE KEMP [illustrator] _9138416 |
||
| 245 | _aITSINI IMINWE YAKHO? | ||
| 250 | _afirst edition | ||
| 260 |
_aCape Town _bOXFORD UNIVERSITY PRESS _c2007 |
||
| 300 |
_a8pages: _bcolor illustrations; _c21cm |
||
| 490 |
_vlicophelo 1 _asiyakhula |
||
| 521 | _ajunior fiction | ||
| 942 |
_xNompumelelo Malambe _w157 _y157 _zNompumelelo Malambe |
||
| 942 | _2ddc | ||
| 942 | _2ddc | ||
| 942 |
_2ddc _cBK |
||
| 999 |
_c666342 _d666341 |
||